| 000 | 00668cam a22002172 4500 | ||
|---|---|---|---|
| 001 | 0000024848 | ||
| 005 | 20151217161203.0 | ||
| 008 | 140319s xx 000 0 eng d | ||
| 020 | _a0314199492 : | ||
| 040 |
_aKABU _cKABU |
||
| 245 | 1 | 0 |
_aBlack's law dictionary / _cBryan A. Garner; editor in chief. |
| 250 | _a9th ed. | ||
| 260 |
_aSt. Paul, MN : _bThomson, _c2009. |
||
| 300 | _axxxi, 1920 p. | ||
| 650 | 0 |
_aLaw _vDictionaries _zUnited States. _@0000177792 |
|
| 650 | 0 |
_aLaw _vDictionaries. _@0000158666 |
|
| 700 | 1 |
_aGarner, Bryan A. _@0000126661 |
|
| 852 | 1 | _9p10875 KES | |
| 908 | _a140319 | ||
| 950 | _@1 | ||
| 999 |
_c15301 _d15301 |
||